| 000 | 00786nmc a2200265 a 4500 | ||
|---|---|---|---|
| 003 | AR-BaBNM | ||
| 005 | 20251128211801.0 | ||
| 008 | 116020s2000 ||||||||||||||000 | spa|| | ||
| 020 | _a84-7112-445-9 | ||
| 040 | _cAR-BaBNM | ||
| 100 | 1 | _aGimeno Sacristán, José | |
| 245 | 1 | 0 |
_aLa educación obligatoria _bsu sentido educativo y social |
| 260 |
_aMadrid _bMorata _c2000 |
||
| 300 | 0 | _a126 p. | |
| 490 | 0 |
_aPedagogía. Razones y propuestas educativas _v1 |
|
| 504 | _aContiene referencias bibliográficas | ||
| 650 | 4 | _aESCOLARIDAD OBLIGATORIA | |
| 650 | 4 | _aDERECHO A LA EDUCACION | |
| 650 | 4 | _aORGANIZACION DE LA EDUCACION | |
| 650 | 4 | _aSOCIOLOGIA DE LA EDUCACION | |
| 650 | 4 | _aPOLITICA EDUCATIVA | |
| 653 | 0 | _aEDUCACION PUBLICA | |
| 942 | _cBK | ||
| 998 | _cme-solo cat | ||
| 999 |
_c21092 _d21092 |
||